000 00296nam a22001337a 4500
008 170714b xxu||||| |||| 00| 0 eng d
020 _a9780618381968
041 _aeng
080 _a038
100 _a24
101 _aFJA
245 _aTHE DISHEVELED DICTIONARY
_cGORDON, K.E
942 _2udc
_cBK
999 _c20958
_d20958